Abstract algebra (Record no. 891)
[ view plain ]
| 000 -LEADER | |
|---|---|
| fixed length control field | 00485 a2200193 4500 |
| 001 - CONTROL NUMBER | |
| control field | 066897 |
| 003 - CONTROL NUMBER IDENTIFIER | |
| control field | OSt |
| 005 - DATE AND TIME OF LATEST TRANSACTION | |
| control field | 20211021161447.0 |
| 008 - FIXED-LENGTH DATA ELEMENTS--GENERAL INFORMATION | |
| fixed length control field | |
| 082 ## - DEWEY DECIMAL CLASSIFICATION NUMBER | |
| Classification number | 512.02 |
| Item number | D89A |
| 100 1# - MAIN ENTRY--PERSONAL NAME | |
| Personal name | Dummit, David Steven |
| 245 1# - TITLE STATEMENT | |
| Title | Abstract algebra |
| Statement of responsibility, etc | by David Steven Dummit and Richard M. Foote |
| 250 ## - EDITION STATEMENT | |
| Edition statement | 2nd ed. |
| 260 ## - PUBLICATION, DISTRIBUTION, ETC. (IMPRINT) | |
| Place of publication, distribution, etc | India |
| Name of publisher, distributor, etc | Wiley |
| Date of publication, distribution, etc | 2009 |
| 300 ## - PHYSICAL DESCRIPTION | |
| Extent | 898p. |
| 690 ## - LOCAL SUBJECT ADDED ENTRY--TOPICAL TERM (OCLC, RLIN) | |
| Topical term or geographic name as entry element | Algebra, Abstract |
| 700 ## - ADDED ENTRY--PERSONAL NAME | |
| Personal name | Foote, Richard M. |
| 942 ## - ADDED ENTRY ELEMENTS (KOHA) | |
| Source of classification or shelving scheme | Dewey Decimal Classification |
| Koha item type | Books |
| Withdrawn status | Lost status | Source of classification or shelving scheme | Damaged status | Not for loan | Collection code | Home library | Current library | Date acquired | Source of acquisition | Cost, normal purchase price | Total Checkouts | Full call number | Barcode | Date last seen | Date checked out | Price effective from | Koha item type |
|---|---|---|---|---|---|---|---|---|---|---|---|---|---|---|---|---|---|
| Dewey Decimal Classification | General Text Book | Central University Of Rajasthan | Central University Of Rajasthan | 07/03/2012 | MTH | 479.00 | 26 | 512.02 D89A | 1183 | 21/05/2026 | 06/05/2026 | 02/09/2020 | Books |
